Normal view
MARC view
- Rogers, T A
Entry Personal Name
001 - CONTROL NUMBER
- control field: 7291
003 - CONTROL NUMBER IDENTIFIER
- control field: OSt
005 - DATE AND TIME OF LATEST TRANSACTION
- control field: 20250310150520.0
008 - FIXED-LENGTH DATA ELEMENTS
- fixed length control field: 250310|| aca||aabn | a|a d
040 ## - CATALOGING SOURCE
- Original cataloging agency: OSt
- Transcribing agency: OSt
100 ## - HEADING--PERSONAL NAME
- Personal name: Rogers, T A
670 ## - SOURCE DATA FOUND
- Source citation: Work cat.: (OSt)9257: Kennedy, W K . 7290, Human and animal powered water-lifting devices: A state of the out survey / , 1985.
